00418 2200157 4500245007800000020002200078250001100100100002600111650001700137005001900154260002800173041001400201084000800215300002800223336000900251 aBarbielle b : Gak Kenal Makanya Gak SayangcMpok Mercy SitangganghText a978-602-251-924-9 aCet. 1 aMpok Mercy Sitanggang aNovel Remaja a20230410132318 aJakartabGrasindoc2015 aIndonesia a813 avii, 184 hlm. :c19 cm. atext